000 00756nam a2200253Ia 4500
003 OSt
005 20220928121752.0
006 a|||||r|||| 00| 0
007 ta
008 220927b |||||||| |||| 00| 0 eng d
024 _a57841
037 _cTextual
040 _aSDCL
_cSDCL
_beng
041 _2eng
_aeng
082 _aY38.5'N9, N4
100 _aSchulze Hagen
_9447698
245 0 _aStates nations and nationalism
_b From the middle ages to the present
260 _aCambridge
_bBlackwell Publishers
_c1994
300 _axiii,376p
_ccm.
490 _aThe making of Europe
700 _a Yuill William E Tr.
_9454194
942 _hY38.5'N9, N4
_cTEXL
_2CC
999 _c767999
_d767999